| 000 | 00000nam 2200000zi 4500 |
| 001 | 9.921024 |
| 003 | CaOODSP |
| 005 | 20230706140205 |
| 006 | m o d f |
| 007 | cr cn||||||||| |
| 008 | 230316t20232023onca ob f000 0 fre d |
| 020 | |a9780660480596 |
| 040 | |aCaOODSP|bfre|erda|cCaOODSP |
| 043 | |an-cn--- |
| 086 | 1 |aFs23-704/2023F-PDF |
| 245 | 00|aCadre pour l'identification, l'établissement et la gestion des zones d'importance écologique. |
| 264 | 1|a[Ottawa] : |bPêches et océans Canada = Fisheries and Oceans Canada, |c2023. |
| 264 | 4|c©2023 |
| 300 | |a1 ressource en ligne (23 pages) : |billustrations |
| 336 | |atexte|btxt|2rdacontent/fre |
| 337 | |ainformatique|bc|2rdamedia/fre |
| 338 | |aressource en ligne|bcr|2rdacarrier/fre |
| 500 | |aPublié aussi en anglais sous le titre : Framework for identifying, establishingt and managing ecologically significant areas. |
| 504 | |aComprend des références bibliographiques. |
| 650 | 6|aÉcorégions marines|zCanada|xGestion. |
| 710 | 1 |aCanada. |bMinistère des pêches et des océans, |eorganisme de publication. |
| 775 | 08|tFramework for identifying, establishing, and managing of ecologically significant areas.|w(CaOODSP)9.921022 |
| 856 | 40|qPDF|s964 Ko|uhttps://publications.gc.ca/collections/collection_2023/mpo-dfo/Fs23-704-2023-fra.pdf |